Представление документа в формате RUSMARC

ПолеНазваниеЗначение
  Тип записи a
  Библиографический уровень m
001 Контрольный номер 6ab49c870b654e1591f423ab0d56675b
005 Дата корректировки 20230110142801.7
010 Индекс ISBN __
a ISBN 978-5-08-004477-9
b Уточнения в пер.
9 Тираж 5000 экз.
d Цена 120-00
100 Данные общей обработки __
a Данные общей обработки 20220505d2009 m y0rusy028902 ca
101 Язык документа 0_
a Язык текста rus
102 Страна публикации __
a Страна публикации RU
105 Кодированные данные (монография) __
a Кодированные данные (монография) a z 000ay
181 Поле кодированных данных: вид содержания _0
a Код вида содержания (ISBD) i
182 Поле кодированных данных: тип средства _0
a Код типа средства (ISBD) n
200 Заглавие и сведения об ответственности 1_
a Заглавие Республика ШКИД
e Сведения, относящиеся к заглавию повесть : для старшего школьного возраста
f Первые сведения об ответственности Г. Белых, Л. Пантелеев ; художник С. Спицын
203 Вид содержания и тип средства __
a Вид содержания Текст
c Тип средства непосредственный
210 Выходные данные 1_
a Место издания Москва
c Издательство Детская литература
d Дата издания 2009
215 Физическое описание __
a Объем 461, [1] с.
d Формат 21 см
225 Серия 2_
a Серия Школьная библиотека
330 Аннотация __
a Аннотация Художественно-документальная приключенческая повесть о детском доме времен гражданской войны написана двумя его бывшими воспитанниками - Л. Пантелеевым (настоящее имя Еремеев Алексей Иванович) и Григорием Белых, когда им было 18 и 19 лет, через три года после окончания учебы. Путь к изданию в 1927 г. повести открыли Е. Шварц и С. Маршак. Книга во все времена пользовалась огромной популярностью.
606 Тематические рубрики __
a Основная рубрика Художественная литература
2 Код системы nlr_sh
606 Тематические рубрики __
a Основная рубрика Русская литература XX в. (произведения)
2 Код системы nlr_sh
610 Ключевые слова 0_
a Ключевые слова автобиографические повести
610 Ключевые слова 0_
a Ключевые слова автобиографические произведения
610 Ключевые слова 0_
a Ключевые слова повести
610 Ключевые слова 0_
a Ключевые слова детская литература
610 Ключевые слова 0_
a Ключевые слова подростковая литература
610 Ключевые слова 0_
a Ключевые слова советская литература
610 Ключевые слова 0_
a Ключевые слова тема беспризорников
610 Ключевые слова 0_
a Ключевые слова тема воспитания
610 Ключевые слова 0_
a Ключевые слова тема детдома
610 Ключевые слова 0_
a Ключевые слова тема детей
610 Ключевые слова 0_
a Ключевые слова тема детства
610 Ключевые слова 0_
a Ключевые слова тема дружбы
610 Ключевые слова 0_
a Ключевые слова тема жизненного пути
610 Ключевые слова 0_
a Ключевые слова тема жизни
610 Ключевые слова 0_
a Ключевые слова тема перевоспитания
610 Ключевые слова 0_
a Ключевые слова тема подростков
610 Ключевые слова 0_
a Ключевые слова тема трудного детства
686 Индексы других классификаций __
2 Код системы rubbks
a Классификационный индекс 84(2=411.2)6-4; ст84(2=411.2)6-4
700 Автор _1
a Фамилия Белых
b Имя Г. Г.
f Даты 1906-1938
g Полное личное имя Григорий Георгиевич
4 Код отношения 070
701 Альтернативная интеллектуальная ответственность _1
a Фамилия Пантелеев
b Имя Л.
f Даты 1908-1987
g Полное личное имя Леонид
4 Код отношения 070
702 Вторичная интеллектуальная ответственность _1
a Фамилия Спицын
b Имя С. Н.
g Полное личное имя Сергей Николаевич
4 Код отношения 440
801 Источник записи _0
a Страна RU
b Организация Муниципальное бюджетное учреждение культуры "Централизованная библиотечная система" г. Сургут (Центральная городская библиотека им. А. С. Пушкина)
c Дата составления 20220505
g Правила каталогизации PSBO
801 Источник записи _1
a Страна RU
b Организация Муниципальное бюджетное учреждение культуры "Централизованная библиотечная система" г. Сургут (Центральная городская библиотека им. А. С. Пушкина)
c Дата составления 20220505
g Правила каталогизации PSBO
852 Данные о местонахождении __
j Шифр хранения 84(2=411.2)6-4
i Авторский знак Б 43
900 Макрообъекты __
a Макрообъекты Республика ШКИД, 2009
901 Тип документа __
t Тип документа m
a Ответственный ООФиК/Волкова
903 Характеристики (МАРС) __
a Дата передачи 20220505
c Наименование библиотеки (МАРС) Муниципальное бюджетное учреждение культуры "Централизованная библиотечная система" г. Сургут (Центральная городская библиотека им. А. С. Пушкина)
969 Тип издания __
a Тип издания издание для детей
a Тип издания издание для подростков
990 Данные о заказе (DOS) __
j Количество экземпляров (DOS) 1
t N записи в КСУ для И/У (DOS) 202205